书目信息 |
| 题名: |
论社会教育
|
|
| 作者: | 刘海涛 , 秦松明 编著 | |
| 分册: | ||
| 出版信息: | 长春 吉林教育出版社 2012.6 |
|
| 页数: | 202页 | |
| 开本: | 24cm | |
| 丛书名: | ||
| 单 册: | ||
| 中图分类: | G77 | |
| 科图分类: | ||
| 主题词: | 社会教育--研究 , 社会教育 | |
| 电子资源: | ||
| ISBN: | 978-7-5383-8969-2 | |
| 000 | 00691nam0 2200241 45 | |
| 001 | 1354488749 | |
| 005 | 20130510095128.00 | |
| 010 | @a978-7-5383-8969-2@dCNY25.80 | |
| 100 | @a20130108d2011 ekmy0chiy0120 ea | |
| 101 | 0 | @achi |
| 102 | @aCN@b220000 | |
| 105 | @ay z 000yy | |
| 106 | @ar | |
| 200 | 1 | @a论社会教育@ALun She Hui Jiao Yu@f刘海涛,秦松明编著@FLiu Hai Tao, Qin Song Ming Bian Zhu |
| 210 | @a长春@c吉林教育出版社@d2012.6 | |
| 215 | @a202页@d24cm | |
| 606 | 0 | @a社会教育@x研究 |
| 606 | 0 | @a社会教育 |
| 690 | @aG77@v5 | |
| 701 | 0 | @a刘海涛@ALiu Hai Tao@4编著 |
| 701 | 0 | @a秦松明@AQin Song Ming@4编著 |
| 801 | @aCN@bTANGWEI@c20130109 | |
| 905 | @b0830249-52@dG77@e8@f4 | |
| 论社会教育/刘海涛,秦松明编著.-长春:吉林教育出版社,2012.6 |
| 202页;24cm |
| ISBN 978-7-5383-8969-2:CNY25.80 |
| ● |
| 相关链接 |
|
|
|
|
正题名:论社会教育
索取号:G77/8
 
预约/预借
| 序号 | 登录号 | 条形码 | 馆藏地/架位号 | 状态 | 备注 |
| 1 | 0830249 | 208302497 | 第一样本阅览室/ [索取号:G77/8] | 在馆 | |
| 2 | 0830250 | 208302503 | 第四借阅区/ [索取号:G77/8] | 在馆 | |
| 3 | 0830251 | 208302512 | 第四借阅区/ [索取号:G77/8] | 在馆 | |
| 4 | 0830252 | 208302521 | 第四借阅区/ [索取号:G77/8] | 在馆 |